000 00738nam a2200277Ia 4500
003 OSt
005 20220912151625.0
006 a|||||r|||| 00| 0
007 ta
008 220909b |||||||| |||| 00| 0 eng d
024 _a52490
037 _cTextual
040 _aCSL
_beng
_cCSL
041 _aeng
082 _aJ:6:(G:63), L7
100 _aInternational Atomic Energy Agency
245 0 _aManual on mutation breeding
250 _a2
260 _aVienna
_bI A E A
_c1977
300 _a288p.
_ccm.
490 _aTechnical reports series; 119
650 _a Plant breeding
650 _aAgriculture
942 _hJ:6:(G:63), L7
_cTEXL
_2CC
999 _c72750
_d72750